000 00959nam a2200289 i 4500
001 bg
100 1 _aMitura, Elżbieta.
245 1 0 _aHotelarstwo :
_borganizacja i technika pracy : podręcznik /
_cElżbieta Mitura, Elżbieta Koniuszewska.
250 _aWyd. 2.
260 _aWarszawa :
_bCentrum Doradztwa i Informacji Difin,
_c2008.
300 _a288 s. :
_bil. ;
_c23 cm.
490 1 _aE Edukacja
500 _aWyd. 1 ukazało się pt.: Ekonomika i organizacja pracy w hotelarstwie.
504 _aBibliogr. s. 287-288.
650 9 _aHotelarstwo
655 _aPodręczniki dla szkół zawodowych
700 1 _aKoniuszewska, Elżbieta.
020 _a9788372518378
040 _cBPK
041 0 _apol
044 _aPOL
080 _a640.41/.42(075.3)
920 _a978-83-7251-837-8
942 _cKS
008 s pl f |000 0 pol
999 _c55437
_d55437
856 _uhttp://koha.tu.koszalin.pl/cgi-bin/koha/opac-detail.pl?biblionumber=55437
_yKatalog online BPK